000 00300nam a22001337a 4500
008 181207b xxu||||| |||| 00| 0 eng d
020 _a0192611429
041 _aeng
080 _a616.5
100 _a7
101 _aDER
245 _aDermatology in Internal Medicine
_cShuster, S
942 _2udc
_cBK
999 _c53082
_d53082